The Routledge International Handbook of Military Psychology and Mental Health

Збережено в:
Бібліографічні деталі
Автор: Kumar
Формат: Книга
Опубліковано: Routledge
Теги: Додати тег
Немає тегів, Будьте першим, хто поставить тег для цього запису!

MARC

LEADER 00000nam a2200000Ia 4500
005 20260513122054.0
020 |a 9780367237073 
100 |a Kumar 
365 |c £ 
365 |b 28.00 
942 |c BK 
245 |a The Routledge International Handbook of Military Psychology and Mental Health 
260 |b Routledge 
999 |c 102  |d 102 
952 |0 0  |1 0  |4 0  |7 0  |a UNSW  |b UNSW  |d 2026-05-06  |g 47.99  |i 16689  |l 0  |p 000130  |r 2026-05-13 12:20:54  |v 47.99  |w 2026-05-13  |y BK